000 00806nam a2200241Ia 4500
003 OSt
005 20220926010644.0
006 a|||||r|||| 00| 0
007 ta
008 220923b |||||||| |||| 00| 0 eng d
020 _a9780300122121
_c1688.0999999999999
037 _b006/2012-13, 20/06/2012, PIONEER BOOK DISTRIBUTORS
_cGeneral Book
040 _aRTL
_cRTL
_beng
041 _2eng
_aeng
082 _aY:3(N), P7
100 _aBurton Johanna
_9312708
245 0 _aPop art
_b Contemporary perspectives Princeton University Art Museum
260 _aNew Haven
_bYale University Press
_c2007
300 _a159p.
_ccm.
650 _aSociology
942 _hY:3(N), P7
_cGB
_2CC
999 _c617938
_d617938